| 000 | 00421cam a22001217a 4500 | ||
|---|---|---|---|
| 008 | 180718b1983 xxu||||| |||| 00| 0 eng d | ||
| 082 | _aA81x54 In2/81/1/PT7B | ||
| 100 | _aCensus of India 1981 | ||
| 245 | _aIndia: the physically handicapped (report and tables) | ||
| 260 |
_aDelhi _bRegistrar General and Census Commissioner of India _c1983 |
||
| 300 | _a213p. | ||
| 440 | _aCensus of India 1981. Series-1, India. Part VII-B | ||
| 999 |
_c481866 _d481866 |
||